Puccini : (Registro nro. 127875)
[ vista simple ]
| 000 -LEADER | |
|---|---|
| fixed length control field | 00801cam a2200229 4500 |
| 008 - FIXED-LENGTH DATA ELEMENTS--GENERAL INFORMATION | |
| fixed length control field | 050221t19911991sp ag b 000 0 spa u |
| 020 ## - INTERNATIONAL STANDARD BOOK NUMBER | |
| International Standard Book Number | 8420685550 |
| 050 00 - LIBRARY OF CONGRESS CALL NUMBER | |
| Classification number | ML410 |
| Item number | .P83 K73 1991 |
| 100 1# - MAIN ENTRY--PERSONAL NAME | |
| Personal name | Krause, Ernst. |
| 245 10 - TITLE STATEMENT | |
| Title | Puccini : |
| Remainder of title | la historia de un éxito mundial / |
| Statement of responsibility, etc | Ernst Krause ; tr. del alemán Jacobo Mir Mercader. |
| 260 ## - PUBLICATION, DISTRIBUTION, ETC. (IMPRINT) | |
| Place of publication, distribution, etc | Madrid, España : |
| Name of publisher, distributor, etc | Alianza, |
| Date of publication, distribution, etc | 1991 |
| 300 ## - PHYSICAL DESCRIPTION | |
| Extent | 289 p. : |
| Other physical details | ils. ; |
| Dimensions | 21 cm. |
| 440 #0 - SERIES STATEMENT/ADDED ENTRY--TITLE | |
| Title | Alianza música ; |
| Volume number/sequential designation | No. 55 |
| 500 ## - GENERAL NOTE | |
| General note | Traducción de : Puccini Beschreibung eines Welterfolges. |
| 504 ## - BIBLIOGRAPHY, ETC. NOTE | |
| Bibliography, etc | Incluye bibliografías e índice |
| 506 ## - RESTRICTIONS ON ACCESS NOTE | |
| Terms governing access | Rec. prop. esc. |
| 600 10 - SUBJECT ADDED ENTRY--PERSONAL NAME | |
| Personal name | Puccini, Giacomo, |
| Dates associated with a name | 1858-1924. |
| 650 20 - SUBJECT ADDED ENTRY--TOPICAL TERM | |
| Topical term or geographic name as entry element | Compositores |
| Geographic subdivision | Italia |
| Form subdivision | Biografía |
| 700 1# - ADDED ENTRY--PERSONAL NAME | |
| Personal name | Mir Mercader, Jacobo, tr. |
| 942 ## - ADDED ENTRY ELEMENTS (KOHA) | |
| Source of classification or shelving scheme | Biblioteca del Cogreso de los Estados Unidos |
| Koha item type | Libro |
| Estado de pérdida | Fuente de clasificación | Estado del daño | No para préstamo | Ubicación permanente | Ubicación actual | Apartado o colección | Fecha de adquisición | Edición | Dependencia de educación superior (DES) | Área del conocimiento | Clasificación | Código de Barras | Date last seen | Número de copia | Tipo de recurso |
|---|---|---|---|---|---|---|---|---|---|---|---|---|---|---|---|
| Biblioteca del Cogreso de los Estados Unidos | Biblioteca de la Facultad de Filosofía | Biblioteca de la Facultad de Filosofía | General | 22/02/2017 | 1a. ed. | Humanidades | Educación y Humanidades | ML410.P83 K73 1991 | BFF000024028 | 22/02/2017 | C:1 | Libro |